Seismic Safety Margins Research Program : equipment fragility data base /

Bibliographic Details
Main Author: Cover, L. E. (Author)
Format: Government Document eBook
Language:English
Published: Washington, D.C. : Office of Nuclear Regulatory Research, U.S. Nuclear Regulatory Commission, 1983.
Edition:Revised 1.
Subjects:
Online Access:https://purl.fdlp.gov/GPO/gpo86792

MARC

Tag First Indicator Second Indicator Subfields
LEADER 00000nam a2200000 i 4500
001 in00003915134
005 20180208111340.0
006 m o d f
007 cr |||||||||||
008 171130s1983 dcua ob f000 0 eng c
035 |a (OCoLC)on1013543474 
042 |a pcc 
040 |a GPO  |b eng  |e rda  |e pn  |c GPO  |d MvI 
049 |a WWW 
074 |a 1051-H-11 (online) 
088 |a NUREG/CR-2680 
086 0 |a Y 3.N 88:25/2680 
100 1 |a Cover, L. E.,  |e author. 
245 1 0 |a Seismic Safety Margins Research Program :  |b equipment fragility data base /  |c prepared by L.E. Cover. 
246 3 0 |a Equipment fragility data base 
250 |a Revised 1. 
264 1 |a Washington, D.C. :  |b Office of Nuclear Regulatory Research, U.S. Nuclear Regulatory Commission,  |c 1983. 
300 |a 1 online resource (v, 106 pages) :  |b illustrations 
336 |a text  |b txt  |2 rdacontent 
337 |a computer  |b c  |2 rdamedia 
338 |a online resource  |b cr  |2 rdacarrier 
588 |a Description based on online resource; title from PDF cover (NRC, viewed Nov. 27, 2017). 
500 |a "NUREG/CR-2680." 
500 |a "UCRL-53038; RD RM." 
500 |a "Manuscript completed: January 10, 1983." 
500 |a "Lawrence Livermore National Laboratory." 
504 |a Includes bibliographical references (page 106). 
536 |b A0126 
650 0 |a Nuclear power plants  |x Earthquake effects  |x Mathematical models. 
650 0 |a Nuclear power plants  |x Equipment and supplies. 
650 0 |a Nuclear power plants  |x Safety measures. 
610 2 0 |a Seismic Safety Margins Research Program (U.S.) 
710 2 |a U.S. Nuclear Regulatory Commission.  |b Office of Nuclear Regulatory Research,  |e issuing body. 
776 0 8 |i Microfiche version:  |a Cover, L. E.  |t Seismic safety margins research program.  |w (OCoLC)11802648 
776 0 8 |i Print version:  |a Cover, L. E.  |t Seismic safety margins research program.  |w (OCoLC)15094318 
856 4 0 |u https://purl.fdlp.gov/GPO/gpo86792  |t 0 
999 f f |s 89d5c358-71e2-3312-adc2-f344310c68cd  |i b3383118-4e99-3d15-9b34-cad5162c4e67  |t 0 
952 f f |a Texas A&M University  |b College Station  |c Electronic Resources  |d Available Online  |t 0  |e Y 3.N 88:25/2680  |h Superintendent of Documents classification 
998 f f |a Y 3.N 88:25/2680  |t 0  |l Available Online